Design of irrigation structures / (Record no. 13577)
[ view plain ]
| 000 -LEADER | |
|---|---|
| fixed length control field | 00417cam a2200169ua 4500 |
| 041 ## - LANGUAGE CODE | |
| Language code of text/sound track or separate title | eng |
| 082 ## - DEWEY DECIMAL CLASSIFICATION NUMBER | |
| Classification number | 627.52 |
| Item number | SEH/DE |
| 100 ## - MAIN ENTRY--AUTHOR NAME | |
| Personal name | Sehgal, P.P. . |
| 245 ## - TITLE STATEMENT | |
| Title | Design of irrigation structures / |
| 250 ## - EDITION STATEMENT | |
| Edition statement | 1 / |
| 260 ## - PUBLICATION, DISTRIBUTION, ETC. (IMPRINT) | |
| Place of publication | Delhi : |
| Name of publisher | Khanna publishers , |
| Year of publication | 1977. |
| 300 ## - PHYSICAL DESCRIPTION | |
| Number of Pages | 242 ; . |
No items available.
